Top 100 Star Wars Characters by Screentime - Statistics

General Stats
  • This quiz has been taken 766 times
  • The average score is 36 of 100
Answer Stats
Min. Character First Appearance % Correct
694 Anakin Skywalker Ep. IV: A New Hope
99%
156 Luke Skywalker Ep. IV: A New Hope
99%
542 Obi-Wan Kenobi Ep. IV: A New Hope
96%
142 Leia Organa Ep. IV: A New Hope
93%
160 Han Solo Ep. IV: A New Hope
91%
131 Rey Skywalker Ep. VII: The Force Awakens
90%
162 Yoda Ep. V: The Empire Strikes Back
87%
199 R2-D2 Ep. IV: A New Hope
86%
134 Sheev Palpatine Ep. V: The Empire Strikes Back
85%
156 C-3PO Ep. IV: A New Hope
84%
106 Chewbacca Ep. IV: A New Hope
82%
228 Padmé Amidala Ep. I: The Phantom Menace
79%
101 Maul Ep. I: The Phantom Menace
77%
59 Ben Solo Ep. VII: The Force Awakens
76%
441 Din Djarin The Mandalorian (S1)
76%
157 Boba Fett Ep. IV: A New Hope*
75%
654 Ahsoka Tano The Clone Wars (Movie)
74%
118 Dooku Ep. II: Attack of the Clones
70%
122 Mace Windu Ep. I: The Phantom Menace
70%
77 Finn Ep. VII: The Force Awakens
69%
48 Qui-Gon Jinn Ep. I: The Phantom Menace
69%
152 Din Grogu The Mandolorian (S1)
66%
49 Lando Calrissian Ep. V: The Empire Strikes Back
65%
292 Cassian Andor Rogue One
64%
79 Poe Dameron Ep. VII: The Force Awakens
61%
79 Jar Jar Binks Ep. I: A New Hope
60%
303 Rex The Clone Wars (Movie)
58%
556 Ezra Bridger Rebels (S1)
56%
54 Grievous Ep. III: Revenge of the Sith
54%
40 Jyn Erso Rogue One
54%
45 Wilhuff Tarkin Ep. IV: A New Hope
52%
63 Cody Ep. III: Revenge of the Sith
49%
334 Kanan Jarrus Rebels (S1)
49%
396 Sabine Wren Rebels (S1)
44%
83 BB-8 Ep. VII: The Force Awakens
43%
212 Cal Kestis Jedi: Fallen Order
42%
272 Hera Syndulla Rebels (S1)
41%
195 Echo The Clone Wars (S1)
37%
83 Fives The Clone Wars (S1)
37%
112 Asajj Ventress The Clone Wars (Movie)
36%
324 Hunter The Clone Wars (S7)
35%
114 Mon Mothma Ep. VI: Return of the Jedi
35%
210 Tech The Clone Wars (S7)
35%
64 Bail Organa Ep. II: Attack of the Clones
34%
46 Plo Koon Ep. I: The Phantom Menace
34%
257 Wrecker The Clone Wars (S7)
34%
225 Zeb Orrelios Rebels (S1)
34%
189 Chopper Rebels (S1)
33%
329 Omega The Bad Batch (S1)
33%
178 Crosshair The Clone Wars (S7)
31%
124 Bo-Katan Kryze The Clone Wars (S4)
29%
58 Savage Opress The Clone Wars (S3)
29%
89 Cad Bane The Clone Wars (S1)
28%
72 Sol The Acolyte
28%
58 Thrawn Rebels (S3)
23%
53 Satine Kryze The Clone Wars (S2)
22%
88 Luthen Rael Andor (S1)
21%
73 Saw Gerrera The Clone Wars (S5)
21%
57 Cara Dune The Mandalorian (S1)
18%
73 Bix Caleen Andor (S1)
17%
68 Dedra Meero Andor (S1)
16%
52 Greef Karga The Mandalorian (S1)
16%
77 Hondo Ohnaka The Clone Wars (S1)
16%
47 Barriss Offee Ep. II: Attack of the Clones*
15%
67 Alexsandr Kallus Rebels (S1)
14%
50 Cere Junda Jedi: Fallen Order
13%
62 Vel Sartha Andor (S1)
13%
73 Syril Karn Andor (S1)
12%
80 Fennec Shand The Mandalorian (S1)
11%
57 Kleya Marki Andor (S1)
11%
70 Mae Aniseya The Acolyte
11%
106 BD-1 Jedi: Fallen Order
10%
43 Merrin Jedi: Fallen Order
10%
92 Osha Aniseya The Acolyte
10%
39 The Armorer The Mandalorian (S1)
9%
50 Trace Martez The Clone Wars (S7)
9%
43 Rafa Martez The Clone Wars (S7)
8%
77 Jod Na Nawood Skeleton Crew
7%
377 Kai Brightstar Young Jedi Adventures (S1)
6%
366 Kaz Xiono Resistance (S1)
6%
119 Kay Vess Outlaws
5%
75 KB Skeleton Crew
5%
73 Neel Skeleton Crew
5%
274 Nubs Young Jedi Adventures (S1)
5%
84 Fern Skeleton Crew
4%
52 Morgan Elsbeth The Mandalorian (S2)
4%
101 Wim Skeleton Crew
4%
53 Huyang The Clone Wars (S5)
3%
102 Jarek Yeager Resistance (S1)
3%
295 Lys Solay Young Jedi Adventures (S1)
3%
43 Meebur Gascon The Clone Wars (S5)
3%
122 Nash Durango Young Jedi Adventures (S1)
3%
120 Neeku Vozo Resistance (S1)
3%
52 Synara San Resistance (S1)
3%
88 Tam Ryvora Resistance (S1)
3%
57 Imanuel Doza Resistance (S1)
2%
67 RJ-83 Young Jedi Adventures (S1)
2%
77 Torra Doza Resistance (S1)
2%
62 CB-23 Resistance (S1)
1%
69 Cyrus Vuundir Young Jedi Adventures (S1)
1%
No matching quizzes found
Score Distribution
Percent of People with Each Score
Percentile by Number Answered
Your Score History
You have not taken this quiz